[Event "Wch U10 Girls"]
[Site "Maribor"]
[Date "2012.11.14"]
[Round "7.1"]
[White "Priyanka, N."]
[Black "Glebova, Anastasia"]
[Result "0-1"]
[WhiteElo "1576"]
[BlackElo "1625"]
[PlyCount "190"]
[EventDate "2012.11.08"]
[EventType "swiss"]
[EventRounds "11"]
[EventCountry "SLO"]
[SourceTitle "EXT 2013"]
[Source "ChessBase"]
[SourceDate "2012.11.22"]
[SourceVersion "1"]
[SourceVersionDate "2012.11.22"]
[SourceQuality "1"]

1. d4 Nf6 2. c4 g6 3. Nc3 Bg7 4. e4 d6 5. Nf3 0-0 6. Be2 e5 7. dxe5 dxe5 8. Qxd8 Rxd8 9. Bg5 Re8 10. 0-0-0 Na6 11. h3 c6 12. Rd6 Be6 13. Nxe5 Nxe4 14. Nxe4 Bxe5 15. Nf6+ Bxf6 16. Bxf6 Bxh3 17. Rxh3 Rxe2 18. Rdd3 Nc5 19. Rde3 Rxe3 20. Rxe3 Ne6 21. g3 g5 22. Kc2 h6 23. Re4 Kh7 24. Bc3 Kg6 25. g4 Rd8 26. b3 Rd7 27. a3 Re7 28. f3 Re8 29. b4 f5 30. Re5 f4 31. Rf5 Rf8 32. Re5 Nc7 33. Kd3 Rd8+ 34. Kc2 Rd7 35. Re1 b5 36. c5 Rh7 37. Kd3 Kf7 38. Re5 Nd5 39. Bd4 Nc7 40. Ke4 Kg6 41. Rf5 Re7+ 42. Kd3 Rf7 43. Re5 h5 44. gxh5+ Kxh5 45. Re1 Rd7 46. Rh1+ Kg6 47. Ke4 Re7+ 48. Kd3 Ne6 49. Bc3 Ng7 50. Bd4 Nf5 51. Bf2 Nh6 52. Rg1 Kf5 53. Rh1 Re6 54. Bd4 Kg6 55. Rg1 Nf5 56. Bf2 Nh6 57. Bd4 Kf5 58. Rh1 Kg6 59. Rg1 Nf7 60. Rf1 Ne5+ 61. Kc3 Nc4 62. a4 Ne3 63. Ra1 Nd5+ 64. Kb3 Nc7 65. a5 Re2 66. Bg1 Nd5 67. Rd1 Kh5 68. Bd4 Kh4 69. Rf1 Kg3 70. Rg1+ Kxf3 71. Rxg5 Ke4 72. Bg1 f3 73. Rg6 Rg2 74. Re6+ Kd3 75. Re1 f2 76. Bxf2 Rxf2 77. Rd1+ Ke2 78. Rb1 Rf3+ 79. Kb2 Nxb4 80. Rh1 Nd3+ 81. Kc2 Nxc5 82. Rh6 b4 83. Rh2+ Rf2 84. Rxf2+ Kxf2 85. Kb2 Ke3 86. Kc2 b3+ 87. Kc3 Ke2 88. a6 Kd1 89. Kb2 Kd2 90. Kb1 Kc3 91. Ka1 b2+ 92. Kb1 Nd3 93. Ka2 Kc2 94. Ka3 b1Q 95. Ka4 Qb4# 0-1

[Event "Wch U10 Girls"]
[Site "Maribor"]
[Date "2012.11.12"]
[Round "5.1"]
[White "Priyanka, N."]
[Black "Zotova, Anastasia"]
[Result "1-0"]
[WhiteElo "1576"]
[BlackElo "1800"]
[PlyCount "29"]
[EventDate "2012.11.08"]
[EventType "swiss"]
[EventRounds "11"]
[EventCountry "SLO"]
[SourceTitle "EXT 2013"]
[Source "ChessBase"]
[SourceDate "2012.11.22"]
[SourceVersion "1"]
[SourceVersionDate "2012.11.22"]
[SourceQuality "1"]

1. d4 d5 2. Nf3 Nf6 3. Bf4 c5 4. e3 Qb6 5. Nc3 Bf5 6. Na4 Qa5+ 7. c3 cxd4 8. exd4 e6 9. Qb3 Nbd7 10. Qxb7 Qd8 11. Ba6 Ke7 12. Bc7 Qe8 13. Qb4+ Nc5 14. Qxc5+ Kd7 15. Ne5# 1-0

[Event "Asia-ch U10 Girls"]
[Site "Hikkaduwa"]
[Date "2012.06.27"]
[Round "4.1"]
[White "Priyanka, N."]
[Black "Serikbay, Assel"]
[Result "1-0"]
[WhiteElo "1593"]
[BlackElo "1718"]
[PlyCount "87"]
[EventDate "2012.06.26"]
[EventType "swiss"]
[EventRounds "9"]
[EventCountry "SRI"]
[SourceTitle "EXT 2024"]
[Source "ChessBase"]
[SourceDate "2023.10.10"]
[SourceVersion "1"]
[SourceVersionDate "2023.10.10"]
[SourceQuality "1"]

1. d4 Nf6 2. Nf3 e6 3. Bf4 d5 4. e3 Bd6 5. Bg3 Ne4 6. Bh4 Qd7 7. Bd3 0-0 8. Nbd2 f5 9. c4 c6 10. Bg3 b6 11. Ne5 Qe7 12. Nef3 Nd7 13. Bxd6 Qxd6 14. Qb3 Bb7 15. a4 Ndf6 16. a5 Ng4 17. cxd5 cxd5 18. Rf1 Nxh2 19. Nxh2 Qxh2 20. g3 Qh5 21. Be2 Qg6 22. Nxe4 fxe4 23. Rc1 Rfb8 24. a6 Bc8 25. Bb5 Qf7 26. Qa4 Qe7 27. Rc3 Qd6 28. Bc6 b5 29. Qa5 b4 30. Rc5 Bxa6 31. Qxa6 Rb6 32. Qa4 Rc8 33. Bxd5 Rd8 34. Bxe4 Qe7 35. Qc2 b3 36. Bxh7+ Kf8 37. Qe4 Rdb8 38. Qf4+ Qf6 39. Qxf6+ gxf6 40. Bd3 Rb4 41. Rh1 Ke7 42. Rh7+ Kd6 43. Rcc7 Rd8 44. Rxa7 1-0